000 01611nam0a2200337 4500
001 RU\NLR\bibl\18197
005 20260405225651.0
021 _aRU
_b98-43488
_92087
035 _a(NLR Aleph) 000017772
090 _a77490
_c77491
100 _a19990325d1997 |||y0rusy50 ca
101 0 _arus
_deng
102 _aRU
105 _aa |||||||||
200 1 _aЛивниевые свинцово-сцинтилляционные детекторы монитора светимости установки H1
_fВ.Ф. Андреев, А.С. Белоусов, С.В. Левонян и др.
210 _aМ.
_cБ.и.
_d1997
215 _a24 с.
_cил.
_d21
606 0 _aУскорители заряженных частиц со встречными пучками "Гера"
_91394282
_3RU\NLR\auth\66273350
606 0 _aHERA, ускоритель заряженных частиц со встречными пучками
_92211933
_3RU\NLR\auth\661328710
606 0 _aСцинтилляционные детекторы
_9943899
_3RU\NLR\auth\66349702
606 0 _aЭлектронно-протонные пучки встречные
_xСветимость
_xИзмерение
_92160795
_3RU\NLR\auth\661300423
686 _aВ381.14
701 1 _4070
_8rus
_7ca
_aАндреев
_bВ. Ф.
_cфизик
_gВладимир Филиппович
_3RU\NLR\auth\77103721
_986646
701 1 _aБелоусов
_bА. С.
_4070
701 1 _aЛевонян
_bС. В.
_4070
801 0 _aRU
_bNLR
_c19990325
_gPSBO
801 1 _aRU
_bNLR
_c19990325
852 _aNLR
_j99-6/25
942 _cBOOK
980 _aNB